مكتبة جامعة عجلون الوطنية

فهرس بحث المكتبة

الاستغلال الجنسي للأطفال في البيئة الرقمية = Sexual Exploitation of Children in the Digital Environment (Record no. 33935)

MARC details
000 -LEADER
fixed length control field 00956nam a22001937a 4500
003 - CONTROL NUMBER IDENTIFIER
control field JO-AjAnu
005 - DATE AND TIME OF LATEST TRANSACTION
control field 20250715051002.0
008 - FIXED-LENGTH DATA ELEMENTS--GENERAL INFORMATION
fixed length control field 250715b jo ||||| |||| 00| 0 ara d
040 ## - CATALOGING SOURCE
Original cataloging agency ANU
Transcribing agency JO-AjAnu
041 ## - LANGUAGE CODE
Language code of original ARA
100 ## - MAIN ENTRY--PERSONAL NAME
Personal name المومني، يحيى منتصر محمد
Relator term معد
9 (RLIN) 66576
245 ## - TITLE STATEMENT
Title الاستغلال الجنسي للأطفال في البيئة الرقمية = Sexual Exploitation of Children in the Digital Environment
Statement of responsibility, etc. / إعداد يحيى منتصر محمد المومني ؛ اشراف هاشم احمد بلص
260 ## - PUBLICATION, DISTRIBUTION, ETC.
Date of publication, distribution, etc. 2025
300 ## - PHYSICAL DESCRIPTION
Extent 133 ورقة
500 ## - GENERAL NOTE
General note رسالة جامعية (رسالة ماجستير في القانون) - جامعة عجلون الوطنية (الاردن-عجلون) - كلية الحقوق ، 2025
650 ## - SUBJECT ADDED ENTRY--TOPICAL TERM
Form subdivision الاستغلال الجنسي للأطفال-قوانين وتشريعات
700 ## - ADDED ENTRY--PERSONAL NAME
Personal name بلص، هاشم احمد
Relator term مشرف
9 (RLIN) 66044
942 ## - ADDED ENTRY ELEMENTS (KOHA)
Source of classification or shelving scheme Library of Congress Classification
Koha item type Thesis
Suppress in OPAC No
Holdings
Withdrawn status Lost status Source of classification or shelving scheme Damaged status Not for loan Home library Current library Date acquired Total Checkouts Full call number Barcode Date last seen Price effective from Koha item type
    Library of Congress Classification     مكتبة جامعة عجلون الوطنية مكتبة جامعة عجلون الوطنية 15/07/2025   HV6773.2025 A30304 15/07/2025 15/07/2025 Thesis
    Library of Congress Classification     مكتبة جامعة عجلون الوطنية مكتبة جامعة عجلون الوطنية 15/07/2025   HV6773.2025 A30303 15/07/2025 15/07/2025 Thesis